书目信息 |
| 题名: |
有机硅材料基础
|
|
| 作者: | 朱晓敏 , 章基凯 编著 | |
| 分册: | ||
| 出版信息: | 北京 化学工业出版社 2013.11 |
|
| 页数: | 180页 | |
| 开本: | 24cm | |
| 丛书名: | ||
| 单 册: | ||
| 中图分类: | TQ264.1 | |
| 科图分类: | ||
| 主题词: | 有机硅化合物 | |
| 电子资源: | ||
| ISBN: | 978-7-122-17860-2 | |
| 000 | 01106nam0 2200265 450 | |
| 001 | 0120131145854 | |
| 005 | 20140610085816.98 | |
| 010 | @a978-7-122-17860-2@dCNY45.00 | |
| 100 | @a20131029d2013 em y0chiy50 ea | |
| 101 | 0 | @achi |
| 102 | @aCN@b110000 | |
| 105 | @aak z 000yy | |
| 106 | @ar | |
| 200 | 1 | @a有机硅材料基础@9you ji gui cai liao ji chu@dThe fundamentals of organosilicon material@f朱晓敏,章基凯编著@zeng |
| 210 | @a北京@c化学工业出版社@d2013.11 | |
| 215 | @a180页@c图@d24cm | |
| 330 | @a本书共8章。第1章简单介绍了一下所有含硅材料,着重点是金属硅和无机硅酸盐;第2章的主要内容是有机硅材料的简介、命名和发展概况,第3-4章阐述的是有机硅单体的合成和聚合;第5-8章主要介绍有机硅最主要的四大类产品——硅油、硅橡胶、硅树脂和硅烷偶联剂的生产、性能和应用。 | |
| 333 | @a从事有机硅材料研究的初学者以及相关应用领域的技术人员 | |
| 510 | 1 | @aFundamentals of organosilicon material@zeng |
| 606 | 0 | @a有机硅化合物 |
| 690 | @aTQ264.1@v5 | |
| 701 | 0 | @a朱晓敏@9zhu xiao min@4编著 |
| 701 | 0 | @a章基凯@9zhang ji kai@4编著 |
| 801 | 0 | @aCN@b人天书店@c20131029 |
| 905 | @b847050-52@dTQ264.1@e30@f3 | |
| 有机硅材料基础=The fundamentals of organosilicon material/朱晓敏,章基凯编著.-北京:化学工业出版社,2013.11 |
| 180页:图;24cm |
| 使用对象:从事有机硅材料研究的初学者以及相关应用领域的技术人员 |
| ISBN 978-7-122-17860-2:CNY45.00 |
| 本书共8章。第1章简单介绍了一下所有含硅材料,着重点是金属硅和无机硅酸盐;第2章的主要内容是有机硅材料的简介、命名和发展概况,第3-4章阐述的是有机硅单体的合成和聚合;第5-8章主要介绍有机硅最主要的四大类产品——硅油、硅橡胶、硅树脂和硅烷偶联剂的生产、性能和应用。 |
| ● |
| 相关链接 |
|
|
|
|
正题名:有机硅材料基础
索取号:TQ264.1/30
 
预约/预借
| 序号 | 登录号 | 条形码 | 馆藏地/架位号 | 状态 | 备注 |
| 1 | 847050 | 208470509 | 第二样本阅览室/ [索取号:TQ264.1/30] | 在馆 | |
| 2 | 847051 | 208470518 | 第三借阅区/ [索取号:TQ264.1/30] | 在馆 | |
| 3 | 847052 | 208470527 | 密集书库-化学系/ [索取号:TQ264.1/30] | 在馆 |